12000 động từ tiếng Pháp. Cách sử dụng = La conjugaison 12000 verbes
Trình bày những điểm ngữ pháp cơ bản về động từ: ngôi, thể và cách ứng dụng, cách phối hợp giữa các thì; trình bày 82 bảng mẫu chi tiết và hướng dẫn cách chia, có từ điển chính tả của động từ ở cuối câu!
Đã lưu trong:
| Tác giả chính: | |
|---|---|
| Định dạng: | Sách |
| Năm xuất bản: |
H.
Thế giới
|
| Phiên bản: | 2002 |
| Chủ đề: | |
| Tags: |
Thêm thẻ
Không có thẻ, Hãy là người đầu tiên gắn thẻ bản ghi này!
|
| LEADER | 01221nam a2200205 4500 | ||
|---|---|---|---|
| 999 | |c 4555 |d 4555 | ||
| 082 | |a 448.2 |b M558h | ||
| 100 | |a C.O | ||
| 245 | |a 12000 động từ tiếng Pháp. Cách sử dụng = La conjugaison 12000 verbes |c C.O | ||
| 250 | |a 2002 | ||
| 260 | |a H. |b Thế giới | ||
| 300 | |a 199 tr. |c 21 cm | ||
| 520 | |a Trình bày những điểm ngữ pháp cơ bản về động từ: ngôi, thể và cách ứng dụng, cách phối hợp giữa các thì; trình bày 82 bảng mẫu chi tiết và hướng dẫn cách chia, có từ điển chính tả của động từ ở cuối câu! | ||
| 653 | |a Ngôn ngữ | ||
| 653 | |a Tiếng Pháp | ||
| 653 | |a Động từ | ||
| 942 | |2 ddc |c STK0 | ||
| 952 | |0 0 |1 0 |2 ddc |4 0 |6 448_200000000000000_M558H |7 0 |8 400 |9 44144 |a qbu |b qbu |c D4 |d 2014-12-19 |g 43000 |o 448.2 M558h |p 2874.c1 |w 2014-12-19 |y STK0 |0 0 |6 448_200000000000000_M558H | ||
| 952 | |0 0 |1 0 |2 ddc |4 0 |6 448_200000000000000_M558H |7 0 |8 400 |9 44145 |a qbu |b qbu |c D4 |d 2014-12-19 |g 43000 |o 448.2 M558h |p 2874.c2 |w 2014-12-19 |y STK0 |0 0 |6 448_200000000000000_M558H | ||
| 952 | |0 0 |1 0 |2 ddc |4 0 |6 448_200000000000000_M558H |7 0 |8 400 |9 108974 |a qbu |b qbu |c D4 |d 2016-11-21 |g 43000 |l 1 |m 1 |o 448.2 M558h |p 2874.C3 |r 2017-12-04 |s 2017-09-11 |w 2016-11-21 |y STK0 | ||